MDQL
is popping MORE tags! Check the
thread
!
Quizzes
Events
Quiz Creation
Community
Videos
Private Events
Remove Ads
Sign In
Join for FREE
Feedback
Dark Mode
Quiz Categories
Sports
Geography
Music
Movies
Television
Just For Fun
Miscellaneous
History
Literature
Language
Science
Gaming
Entertainment
Religion
Holiday
For Kids
Quiz Lab
Recent
Popular Today
Quiz Kudos Today
Editor Picks
Curator Picks
Quizzes by...
Day
Popularity
Type
Ratings
Length
Year
Community
Subscriptions
Recent Discussions
Orange Saloon
Badges
Playlists
Quests
Create
Leaderboards
Showdown
Live 5
Trivia Bingo
Activity
Puzzle Library
Sporcle Events
Private Events
Virtual Trivia
Globe League
Become a Host
Pub Owners
SporcleCon
Opinionation
Our Games
Videos
Blog
Mobile Apps
Partnerships
Remove Ads and Go Orange
Feedback
History
US Presidents
World Leaders
Politics
Nation
Discovery
War
Decade
Year
Century
Biography
Art
History
US Presidents
World Leaders
Politics
Nation
Discovery
War
Decade
Year
Century
Biography
Art
Random Quiz
Search Sporcle
×
Quiz Lab
Quiz Lab
History
Numbers
Type in answers that appear in a list
Type in answers that appear in a list
Classic
Best Score? Go Orange.
People Throughout History 2 Stats
Can you name the People Throughout History 2?
By
Colangees
6m
21 Questions
862 Plays
862 Plays
862 Plays
Comments
Comments
Give Quiz Kudos
Give Quiz Kudos
-
- Ratings
hide this ad
Replay
Link that replays current quiz
Next Quiz
Link to next quiz in quiz playlist
You Got
0%
They Got
Avg Score
51%
Avg Friend Score
Upgrade to see
Score Distribution
Jump to the score distribution portion of the page
Score
0/21
Timer
06:00
0
Plays Today
Numbers
Names
% Correct
#21
Bill Gates
95.2%
#8
Saddam Hussein
90.5%
#16
Adolf Hitler
90%
#9
Tutankhamun
89.4%
#13
William Shakespeare
81.7%
#2
Al Capone
75.2%
#15
Julius Caesar
72.2%
#12
Vladimir Lenin
66.1%
#4
Malcolm X
62.9%
#1
Thurgood Marshall
46.6%
#14
Mahmoud Ahmadinejad
45.9%
Numbers
Names
% Correct
#19
Napoleon Bonaparte
43.5%
#18
Herbert Hoover
42.8%
#20
Lee Harvey Oswald
39.7%
#17
Chuck Berry
34.8%
#10
John Wayne Gacy
23.2%
#11
Saint Peter
22.6%
#3
Nikita Khrushchev
17.3%
#5
Benjamin Harrison
14.7%
#6
Nikola Tesla
10.8%
#7
Audie Murphy
6.4%
Quiz Playlist
Details
Report
Send in Message
Add To Playlist
Classic:
Type in answers that appear in a list
Last Updated: Feb 16, 2017
Quiz Scoreboard
CHALLENGE
Sign Up to Join the Scoreboard
Show All
Scores
Hide
Comments
May contain spoilers
Recently Published
Holiday 10x10 Sorting Gallery
by lukepisani3
Holiday
15m
Two Season TV Shows II
by 123Four
Television
10m
Image Sorting: Flags VI
by Barbecue
Geography
2m
More to Explore
Quiz From the Vault
Featured Blog Post
14 Easter Pick-up Lines to Find Eggs With
hide this ad
You Might Also Like...
Tags
Numbers Quiz
Today's Top Quizzes in History
Browse History
hide this ad
Today's Top Quizzes in Numbers
Browse Numbers
Top Contributed Quizzes in History
1
I Am Born On March 29th
2
Order Up: 1000 Years of World Events I
3
US National Parks Named After People
4
Popular People in 1991
5
Popular People in 1951
6
Popular People in 1981
7
Popular People in 1941
8
Popular People in 1986
9
Popular People in 1976
10
Popular People in 1921
Explore More
Trending Topics
Crossword
Marvel
NBA
Disney
Kpop
Harry Potter
Anime
NFL
WWE
Puzzle
Pokémon
Song
Country
The Office
Soccer
hide this ad
More By:
Colangees
Quiz
Plays
Rating
Category
Featured
Created
People Throughout History 3
1,968
4.29
History
Jan 24, 2010
People Throughout History
1,845
4.07
History
Jan 24, 2010
People Throughout History 4
1,573
4.17
History
Jan 24, 2010
Metal Gear Solid Characters by Picture
1,023
5.00
Gaming
May 15, 2010
People Throughout History 2
862
4.18
History
Jan 24, 2010
Go to Creator's Profile
Score Distribution
Quiz Creator Spotlight
Colangees
Follow
Send a Message
Quizzes Created
-
Created Quiz Play Count
-
More By This Creator
Popular Quizzes Today
1
Find the US States - No Outlines Minefield
2
Colored Red Africa Blitz
3
Find the 'City' Movie
4
The Countries of the World
5
Find the US States
6
5x2 Blitz: Bands
7
Find the Countries of Europe - No Outlines Minefield
8
US States
More History Quizzes
Politics of Europe
Published
Trending Quizzes
Colored Red Europe Blitz I
Colored Red Europe Blitz II
Colored Red Africa Blitz II
Colored Red Europe Blitz III
Colored Red Africa Blitz III
Recently Updated
Odd Team Out - Big 4 Players
pecheneg
Quick Pick: 20 Twenties
pecheneg
March Madness Men's Triple Doubles
pecheneg
How Do You Spell That?
pecheneg
Godzilla Movies
pecheneg
Grab Bag: 4-10 Letters
pecheneg
2024 March Madness Bracket
pecheneg
Famous TV Couples
Peacemaker
Champions League XIs: Real Madrid
pecheneg
Largest US Cities 1790-2010
pecheneg
Trending Topics
Marvel
NBA
Kpop
Harry Potter
Disney
Anime
Crossword
NFL
WWE
The Office
Soccer
Country
Pokémon
Song
Puzzle
Your Account Isn't Verified!
In order to create a playlist on Sporcle, you need to verify the email address you used during registration. Go to your
Sporcle Settings
to finish the process.
Report this User
Report this user for behavior that violates our
Community Guidelines
.
Details:
Send Report
Go to the Sporcle.com Mobile Site →
Comments